Las edades de la globalización (Registro nro. 324964)

Detalles MARC
000 -ENCABEZADO
Número de control [NR] 00828nam a22002177a 4500
005 - FECHA Y HORA DE LA ÚLTIMA TRANSACCIÓN
control field 20241024100402.0
008 - DE LONGITUD FIJA DE DATOS DE ELEMENTOS - INFORMACIÓN GENERAL
Elementos de longitud fija [NR] 241024e ||||| |||| 00| 0 spa d
020 ## - NUMERO INTERNACIONAL NORMALIZADO PARA LIBROS [R]
Número Internacional Normalizado del libro [NR] 9788423432219
040 ## - FUENTE DE CATALOGACION [NR]
Agencia de catalogación original [NR] CO-BoUCM
Quien Cataloga David Moreno
Quien Clasifica David Moreno
041 ## - CODIGO DE IDIOMA [R]
Código de idioma para texto/pista de sonido o título separado [R] Español
100 1# - ASIENTO PRINCIPAL--NOMBRE PERSONAL [NR]
Nombre personal [NR] Sachs, Jeffrey
Fechas asociadas con el nombre [NR] 1954-
ID Autoridad 78678
245 14 - MENCION DE TITULO [NR]
Título [NR] Las edades de la globalización
Parte restante del título [NR] geografía, tecnología e instituciones
Mención de responsabilidad, etc. [NR] Jeffrey D.Sachs
250 ## - MENCION DE EDICION [NR]
Mención de edición [NR] 1a. Ed
260 ## - PUBLICACION, DISTRIBUCION, ETC. (PIE DE IMPRENTA) [R]
Lugar de publicación, distribución, etc. [R] Barcelona, Español
Nombre del editor, distribuidor, etc. [R] Ediciones Deusto
Fecha de publicación, distribución, etc. [R] 2021
300 ## - DESCRIPCION FISICA [R]
Extensión [R] 328 Páginas, 24 láminas sin enumerar
Otros detalles físicos [NR] mapas (color)
650 14 - ASIENTO SECUNDARIO DE MATERIA - TERMINO TEMATICO [R]
Término temático o nombre geográfico como elemento de entrada [NR] Globalización
Subdivisión general [R] Historia
9 (RLIN) 183622
650 14 - ASIENTO SECUNDARIO DE MATERIA - TERMINO TEMATICO [R]
Término temático o nombre geográfico como elemento de entrada [NR] Relaciones internacionales
Subdivisión de forma [R] Historia
9 (RLIN) 183623
700 1# - ASIENTO SECUNDARIO - NOMBRE PERSONAL [R]
Nombre personal [NR] Puertollano, Verónica
Término de relación [R] traductor
9 (RLIN) 183624
942 ## - ELEMENTOS DE ENTRADA AGREGADOS (KOHA)
Sistema de clasificación DEWEY
Tema principal Ciencia política
Tipo de ítem principal el descrito en 300a Libro
Edición 1
Clasificación 303.482
Parte restante de la signatura top. S121
Título oculto en OPAC No
Existencias
Fecha de último préstamo Total préstamos Signatura topográfica Código de barras Última vez visto Ejemplar Costo de reposición Price effective from Tipo de ítem Perdido Sistema de clasificación Dañado No prestable Tipo de ítem específico Suprimido Ubicación habitual Ubicación actual Localización Fecha de creación Forma de adquisición
24/10/2024 2 303.482 S121 100173512 09/12/2025 Ej.1 26000.00 24/10/2024 Libro   DEWEY     Libro   Claustro Claustro 2do piso 24/10/2024 Donación